Central Library OPAC University of Rajshahi

نصب الراية لأحاديث الهداية ;; Naṣb al-rāyah li-aḥādīth al-Hidāyah / (Record no. 78070)

MARC details
000 -LEADER
fixed length control field 01433nam a2200253 a 4500
001 - CONTROL NUMBER
control field 78070
003 - CONTROL NUMBER IDENTIFIER
rucl marc code BD-RjUL
005 - DATE AND TIME OF LATEST TRANSACTION
control field 20211209083103.0
008 - FIXED-LENGTH DATA ELEMENTS--GENERAL INFORMATION
fixed length control field 210315s1938 pk ||||| |||| 00| 0 a d
035 ## - SYSTEM CONTROL NUMBER
System control number (BD-RjUL)78296
040 ## - CATALOGING SOURCE
Original cataloging agency BD-RjUL
Language of cataloging eng
Transcribing agency BD-RjUL
041 ## - LANGUAGE CODE
Language code of text/sound track or separate title ara
082 ## - DEWEY DECIMAL CLASSIFICATION NUMBER
Edition number 23
Classification number 297.125
Author mark and year ZAN 1938
100 10 - MAIN ENTRY--PERSONAL NAME
Personal name زيلعي، عبد الله بن يوسف،, ت. 1360 أو 61. لجمال الدين أبي محمد
9 (RLIN) 246031
245 10 - TITLE STATEMENT
Title نصب الراية لأحاديث الهداية ;; Naṣb al-rāyah li-aḥādīth al-Hidāyah /
Statement of responsibility, etc. زيلعي، عبد الله بن يوسف،, ت. 1360 أو 61. لجمال الدين أبي محمد عبد الله بن يوسف الحنفي الزيلعي الحنفي ؛ مع حاشيته النفيسة المهمة "بغية الألمعي في تخريج الزيلعي" وتصحيح أصل النسخة بعناية بالهة من إدارةZailai, Abdullah bin Yusuf, T. 1360 or 61. by Jamal al-Din Abi Muhammad Abdullah bin Yusuf al-Hanafi al-Zayla'i al-Hanafi;
250 ## - EDITION STATEMENT
Edition statement 1rst ed.
260 ## - PUBLICATION, DISTRIBUTION, ETC. (IMPRINT)
Place of publication, distribution, etc. مؤسسة الريان، Bayrūt, Lubnān :
Name of publisher, distributor, etc. Muʼassasat al-Rayyān, .
Date of publication, distribution, etc. 1938
300 ## - PHYSICAL DESCRIPTION
Pagination v. ;
Size 27 cm
505 ## - FORMATTED CONTENTS NOTE
Formatted contents note Vol. 2.--
600 ## - SUBJECT ADDED ENTRY--PERSONAL NAME
Personal name Marghīnānī, ʻAlī ibn Abī Bakr,
Dates associated with a name 1196 or 1197
General subdivision Hidāyah.
650 ## - SUBJECT ADDED ENTRY--TOPICAL TERM
Topical term or geographic name as entry element Hadith
Form subdivision Authorities
Chronological subdivision Early works to 1800.
9 (RLIN) 246033
Topical term or geographic name as entry element Islamic law
Chronological subdivision Early works to 1800.
9 (RLIN) 246034
942 ## - ADDED ENTRY ELEMENTS (KOHA)
Source of classification or shelving scheme Dewey Decimal Classification
Koha item type Books
Holdings
Lost status Source of classification or shelving scheme Damaged status Not for loan Collection code Permanent Location Current Location Shelving location Date acquired Source of acquisition Cost, normal purchase price Total Checkouts Full call number Date last seen Copy number Koha item type
  Dewey Decimal Classification   Not For Loan Non-fiction Central Library, University of Rajshahi Central Library, University of Rajshahi Reading Room 22/10/1964 Maktabatul Arabiah , Dhaka 15.00   A 297.125 ZAN V-2 1938 15/03/2021 C-1 Books
  Dewey Decimal Classification     Non-fiction Central Library, University of Rajshahi Central Library, University of Rajshahi   22/10/1964 Maktabatul Arabiah , Dhaka 15.00   A 297.125 ZAN V-2 1938 15/03/2021 C-2 Books
  Dewey Decimal Classification   Not For Loan Non-fiction Central Library, University of Rajshahi Central Library, University of Rajshahi Reading Room 22/10/1964 Maktabatul Arabiah , Dhaka 15.00   A 297.125 ZAN V-3 1938 18/03/2021 C-1 Books
  Dewey Decimal Classification   Not For Loan Non-fiction Central Library, University of Rajshahi Central Library, University of Rajshahi Reading Room 22/10/1964 maktabat i ishaqiah 15.00   A 297.125 ZAN V- 4 1938 10/11/2022 C-1 Books